00290nam a2200121Ia 4500008004100000100001200041245005500053260001700108300000800125650001300133942000700146999001500153190216s9999||||xx |||||||||||||| ||und|| aKevin S 0aFundamentals Of International Financial Management bPhi Learning a278 aCommerce cBK c7465d7465